| 000 | 00577nam a2200181Ia 4500 | ||
|---|---|---|---|
| 008 | 240729s9999 xx 000 0 und d | ||
| 022 | _a1880-2206 | ||
| 245 | 0 | _aMagnetic Resonance in Medical Sciences | |
| 260 | _aJapan | ||
| 260 | _bJapanese Society for Magnetic Resonance in Medicine | ||
| 650 | _a Medical physics. Medical radiology. Nuclear medicine | Medicine | ||
| 650 | _a Medicine (General) | ||
| 650 | _a Other systems of medicine | ||
| 650 | _aMedicine | ||
| 856 | _uhttps://doaj.org/toc/08ba64f5bbd14fe9b0203d7dfd8de907 | ||
| 942 | _2ddc | ||
| 942 | _cDOAJEJ | ||
| 999 |
_c66351 _d66351 |
||
| 945 |
_a1 _bMadushi Gamage _c1 _dMadushi Gamage |
||